|
|
|
|
| LEADER |
00000nam a2200000 i 4500 |
| 001 |
ELB227147 |
| 003 |
FINmELB |
| 005 |
20220227122216.0 |
| 006 |
m o u |
| 007 |
cr cn||||||||| |
| 008 |
220227s2022 sp ob 000 0 spa d |
| 020 |
|
|
|z 9788446052074
|
| 020 |
|
|
|a 9788446052432
|q (e-book)
|
| 035 |
|
|
|a (OCoLC)1373950713
|
| 040 |
|
|
|a FINmELB
|b spa
|e rda
|c FINmELB
|
| 050 |
1 |
4 |
|a BR65.A9
|b A284 2022
|
| 080 |
|
|
|a 27
|
| 082 |
0 |
4 |
|a 270.2092
|2 23
|
| 100 |
1 |
|
|a Agustín, Santo, Obispo de Hipona,
|e autor.
|
| 245 |
1 |
4 |
|a Las confesiones /
|c San Agustín ; edición de Olegario García de la Fuente.
|
| 264 |
|
1 |
|a Madrid :
|b Ediciones Akal,
|c 2022.
|
| 300 |
|
|
|a 1 recurso en línea (332 páginas)
|
| 336 |
|
|
|a texto
|b txt
|2 rdamedia/spa
|
| 337 |
|
|
|a computadora
|b c
|2 rdamedia/spa
|
| 338 |
|
|
|a recurso en línea
|2 rdacarrier/spa
|
| 490 |
1 |
|
|a Akal Clásica ;
|v 1. Clásicos latinos
|
| 504 |
|
|
|a Contiene bibliografía.
|
| 588 |
|
|
|a Descripción basada en metadatos suministrados por el editor y otras fuentes.
|
| 590 |
|
|
|a Recurso electrónico. Santa Fe, Arg.: elibro, 2021. Disponible vía World Wide Web. El acceso puede estar limitado para las bibliotecas afiliadas a elibro.
|
| 600 |
1 |
0 |
|a Agustín, Santo,
|c Obispo de Hipona,
|d 354-430.
|
| 655 |
|
4 |
|a Libros electrónicos.
|
| 700 |
1 |
|
|a García de la Fuente, Olegario,
|e editor.
|
| 797 |
2 |
|
|a elibro, Corp.
|
| 830 |
|
0 |
|a Akal Clásica ;
|v 1. Clásicos latinos.
|
| 856 |
4 |
0 |
|u https://elibro.uam.elogim.com/ereader/bidiuam/227147
|z Texto completo
|